000 00281nam a22001217a 4500
020 _a9789381348079
082 _a628.43
_bMOH/WA
100 _aMohan Rao,K.V.J
_9696
245 _aWater Treatment
260 _aNew Delhi
_bVayu Education of India
_c2011
300 _a258
942 _cBK
999 _c14429
_d14429